000 01027nam a22003497a 4500
001 000759
003 DO-SdBNP
005 20180212153144.0
007 000759
008 161129b 1992 sp a ||||| |||| 00| 0 spa d
016 7 _a
017 _a
_b
020 _a8434822482
035 _a
040 _aBPMSU
_bspa
_cBPMSU
_e
041 1 _aspa
_h
080 0 _a
100 1 _aHeiser, Gabriele,
_d1948-
240 1 0 _aJakob ist kein armer Vogel!
_lEspañol
245 1 0 _aJacobo no es un pobre diablo /
_cGabriele Heiser ; ilustraciones, Francisco Meléndez ; traducción Lola Romero.
_h
250 _a7ª ed.
260 1 _aMadrid ;
_bSM,
_c1993.
300 _a102 p. :
_bil. ;
_c19 cm.
490 1 _aEl barco de vapor
_v26
_aazul
500 _aA partir de 7 años
700 1 _aMeléndez, Francisco,
_d1964-
_eil.
700 1 _aRomero, Lola,
_ctr.
830 0 _aEl barco de vapor ;
_v26
_pazul
942 _2ddc
_cBK
945 _aInventariado, 2018 / BT
956 _aLOPEREZ
_210
_320161129
_6BPMSU
_800041
999 _c12141
_d12141